|
|
|
|
| LEADER |
00000nab a2200000 a 4500 |
| 001 |
vtls000595747 |
| 003 |
SK-MaSNL |
| 005 |
20260318122050.0 |
| 008 |
180331c1996 xo 0 hun |
| 015 |
|
|
|a SNBRB19rr/mm-uuuuu
|
| 035 |
|
|
|a CL0595886
|
| 040 |
|
|
|a SNKBUCL
|b slo
|c SNKBUCL
|e AACR2
|
| 041 |
0 |
|
|a hun
|
| 044 |
|
|
|a xo
|c SK
|
| 080 |
|
|
|a 930.1(437.6=945.11)
|2 1981
|
| 080 |
|
|
|a 372.893(437.6=945.11)
|2 1981
|
| 100 |
1 |
|
|a Popély, Gyula,
|d 1945-
|4 aut
|9 85478
|
| 245 |
1 |
0 |
|a A magyar történetírás és a történelemoktatás helyzete a mai Szlovákiában
|c Gyula Popély
|
| 500 |
|
|
|a Prednáška odznela na konferencii Medzinárodnej spoločnosti maďarských historikov v Budapešti dňa 2.-4. 8. 1996
|
| 650 |
0 |
7 |
|a historiografia maďarská
|2 snkbucl
|9 1155371
|
| 650 |
0 |
7 |
|a dejepis
|2 snkbucl
|9 4288
|
| 655 |
|
7 |
|a články z novín a časopisov
|2 snkbucl
|9 267496
|
| 773 |
0 |
|
|t Szabad újság
|g Roč. 4, č. 35 (1996), s. 8
|
| 850 |
|
|
|a Slovenská národná knižnica v Martine
|a DSG001
|
| 852 |
|
|
|a SNK
|b KIS3GCP
|
| 958 |
|
|
|a RK
|
| 958 |
|
|
|a HU
|
| 958 |
|
|
|a SK
|
| 992 |
|
|
|a RBX
|
| 999 |
|
|
|c 2995366
|d 2997296
|